| Tag |
First Indicator |
Second Indicator |
Subfields |
| LEADER |
00000nam a2200000Ia 4500 |
| 001 |
in00004238021 |
| 005 |
20200807091357.0 |
| 006 |
m g d |
| 007 |
cr bn |||a|bb| |
| 008 |
830614s1685 enk o 00| | eng d |
| 035 |
|
|
|a (OCoLC)9606124
|
| 040 |
|
|
|a UMI
|c UMI
|d WaOLN
|
| 037 |
|
|
|a CL0037000045
|b ProQuest Information and Learning. 300 N. Zeeb Rd., Ann Arbor, MI 48106
|
| 037 |
|
|
|a CL0037000076
|b ProQuest Information and Learning. 300 N. Zeeb Rd., Ann Arbor, MI 48106
|
| 043 |
|
|
|a e-uk-st
|
| 045 |
2 |
|
|b d1660
|b d1688
|
| 049 |
|
|
|a UMIA
|
| 090 |
|
|
|a DA803.1 1685
|b .S36
|
| 110 |
1 |
|
|a Scotland.
|b Privy Council.
|
| 245 |
1 |
2 |
|a A publication of the royal authority of the most serene, most mighty and most august monarch James the Seventh :
|b by the grace of God King of Scotland.
|
| 260 |
|
|
|a [London] :
|b Edinburgh, printed by the heir to Andrew Anderson ...; and reprinted at London by Tho. Newcomb, for Susanna Forrester,
|c 1685.
|
| 300 |
|
|
|a 1 online resource (1 sheet ([1] pages).
|
| 336 |
|
|
|a text
|b txt
|2 rdacontent
|
| 337 |
|
|
|a computer
|b c
|2 rdamedia
|
| 338 |
|
|
|a online resource
|b cr
|2 rdacarrier
|
| 500 |
|
|
|a Includes "By the King," James II's letter of authorization, dated Feb. 6, 1684/5.
|
| 500 |
|
|
|a Item at reel 1949:19 identified as Wing J406.
|
| 500 |
|
|
|a Reproductions of original in the Bodleian Library.
|
| 510 |
4 |
|
|a Wing
|c S1994
|
| 533 |
|
|
|a Electronic reproduction.
|b Ann Arbor, Mich. :
|c UMI,
|d 1999-
|f (Early English books online)
|n Digital version of: (Early English books, 1641-1700 ; 1339:38 and 1949:19)
|7 s1999 miun s
|
| 651 |
|
0 |
|a Scotland
|x History
|y 1660-1688.
|
| 600 |
0 |
0 |
|a James
|b II,
|c King of England,
|d 1633-1701.
|
| 700 |
0 |
|
|a James
|b II,
|c King of England,
|d 1633-1701.
|
| 710 |
1 |
|
|a England and Wales.
|b Sovereign (1685-1688 : James II)
|
| 710 |
1 |
|
|a Scotland.
|b Sovereign (1685-1688 : James VII)
|
| 830 |
|
0 |
|a Early English books online.
|
| 856 |
4 |
0 |
|u http://proxy.library.tamu.edu/login?url=https://search.proquest.com/docview/2264206892
|z Connect to the full text of this electronic book
|t 0
|
| 999 |
f |
f |
|s 7e325e58-9b3c-30ea-aeb7-ac9785504b30
|i a129e794-a303-3ba7-903f-fd301fb63367
|t 0
|
| 952 |
f |
f |
|a Texas A&M University
|b College Station
|c Electronic Resources
|d Available Online
|t 0
|e DA803.1 1685 .S36
|h Library of Congress classification
|
| 998 |
f |
f |
|a DA803.1 1685 .S36
|t 0
|l Available Online
|